| 000 | 00496nam a22001577a 4500 | ||
|---|---|---|---|
| 082 | _aBEE-4 AKR | ||
| 100 |
_aJahanzeb Akram _993208 |
||
| 245 | _aElectronic pen for projector screen using ultrasonic triangulation | ||
| 260 |
_aIslamabad _bNUST-SEECS _c2016 |
||
| 300 |
_a56p. _b27cm. _eCD Includes |
||
| 500 | _aSupervisors: Dr. Ahmad Salman | ||
| 700 |
_aUmair Usman _993209 |
||
| 700 |
_aWarda Saeed _993210 |
||
| 856 | _uhttp://10.250.8.41:8080/xmlui/handle/123456789/10642 | ||
| 942 |
_cPR _2ddc |
||
| 999 |
_c13640 _d13640 |
||